000 00389pab a2200157 454500
008 180718b1997 xxu||||| |||| 00| 0 eng d
100 _aGopalakrishna, N.
245 _aCommunication centre in health universities
260 _c1997
300 _ap.12-13
362 _a3 Mar
650 _aEducation
650 _aHealth service education
773 _aUniversity News
909 _a33578
999 _c33578
_d33578